00666nam a2200229Ia 450000100060000000300090000600800410001504000130005604000130006904100130008210000210009510000290011624500420014524500510018725000110023826000110024926000130026026000490027330000550032265000280037765000310040553094IT-RoPAU130308s9999 xx 000 0 und d aIT-RoPAU cIT-RoPAU aITALIANO aD'Amico Masolino gCodice Aut. SPICS: 7587 aBurne-Jones e le sue fonti letterarie bBurne-Jones: dal preraffaellismo al Simbolismo a1a ed. aMILANO bMazzotta c1986 [1° Ed.:1986 - Ed.Ling.Originale:1986] a"4 p. (prefazione: no ; testo: 4 [pagine: 93-96])" aAUTORI/OPERE DI PITTURA eCodice materia Spics: 5207